00501nam a2200193Ia 4500008004100000041001200041082001000053082001100063100001700074100001100091245006500102260001100167260001900178260000900197300001500206365002500221440004000246650002100286150909s9999 xx 000 0 und d aEnglish a581.1 bGOV/PH aGovindjee  eEditor aPhotosynthesis V.1 energy conversion by plants and bacteria aLondon bAcadamic Press c1982 a799 Pages aUSD.79  aCell biology: a series of monograph aPlant physiology